| 000 | 01318nam a2200349 a 4500 | ||
|---|---|---|---|
| 001 | 000112520 | ||
| 003 | CHAP | ||
| 005 | 20250613131531.0 | ||
| 008 | 160609s2016 mx sm |||||||spa d | ||
| 010 | _a108981 | ||
| 011 | _a109953 | ||
| 040 | _cCHAP | ||
| 090 | _aTesis | ||
| 100 | 1 |
_aArriaga Vázquez, Alma Yeni _9130865 |
|
| 245 | 1 | 0 |
_aEstudio de factibilidad técnico económico para establecer una planta procesadora de piña en Tomatlán, Jalisco _h[En línea] _cpor Alma Yeni Arriaga Vázquez. |
| 260 |
_aChapingo, Méx. : _bEl autor, _c2016. |
||
| 500 | _aPara ver el contenido del material haga clic en la liga | ||
| 502 | _aTesis (Ing. Agroindustrial ) -- UACH. Departamento de Ingeniería Agroindustrial | ||
| 590 |
_aBATCH _b00 _c20181121 _lUCH01 _h0758 |
||
| 590 |
_aE11695DGD _b10 _c20160613 _lUCH01 _h1126 |
||
| 590 |
_aE5765TAJ _b05 _c20160609 _lUCH01 _h0912 |
||
| 590 |
_aE5765TAJ _b05 _c20160609 _lUCH01 _h0913 |
||
| 650 | 1 | 4 |
_aEstudios de factibilidad. _938520 |
| 650 | 1 | 7 |
_aPiña (Ananas comosus) _xIndustria _2 _988405 |
| 650 | 1 | 7 |
_aPiña (Ananas comosus) _xProcesado _2 _988421 |
| 650 | 1 | 7 |
_aPiña (Ananas comosus) _xRendimiento _2 _988423 |
| 856 |
_a1 _n0000565 |
||
| 856 |
_aFinding aid _uhttp://10.13.5.2/tesis/sist112520.pdf _zTeclea aquí |
||
| 901 | _aBK | ||
| 942 | _cTESIS | ||
| 942 | _n0 | ||
| 999 |
_c108981 _d108981 |
||